Obálka Náhled e-knihy:
PDF Epub
Pro půjčování e-knih musíte být přihlášeni.
Jak si půjčit online?

Temná tajemství /

Thriller, ve kterém se setkáváme s několika manželskými páry, z nichž každý má svá pečlivě skrývaná tajemství, a jejichž osudy se nakonec dramaticky protnou.

Uloženo v:
Hlavní autor: Moss, Marcel (Autor)
Další autoři: Podžorný, Jakub (Autor)
Médium: E-kniha
Jazyk:Czech
Vydáno: Praha : Dobrovský s.r.o., 2023
Edice:Vendeta
Témata:
Tagy:
Žádné tagy
LEADER 02788nam a2200445 i 4500
001 311856
003 CZ PrSKC
005 20260601215713.0
007 ta
008 230227s2023 xr g 000 f cze
015 |a cnb003396613 
020 |a 9788027704934  |q (vázáno) 
035 |a (OCoLC)1375350051 
040 |a ABG001  |b cze  |e rda 
041 1 |a cze  |h pol 
072 7 |a 821.162.1  |x Polská literatura  |2 Konspekt 
080 |a 821.162.1-31  |2 MRF 
080 |a (0:82-312.4)  |2 MRF 
100 1 |a Moss, Marcel  |7 xx0263076  |4 aut 
240 1 0 |a Mroczne sekrety.  |l Česky 
245 1 0 |a Temná tajemství /  |c Marcel Moss ; přeložil Jakub Podžorný 
264 1 |a Praha :  |b Dobrovský s.r.o.,  |c 2023 
300 |a 302 stran ;  |c 21 cm 
336 |a text  |b txt  |2 rdacontent 
337 |a bez média  |b n  |2 rdamedia 
338 |a svazek  |b nc  |2 rdacarrier 
490 1 |a Vendeta 
500 |a Přeloženo z polštiny 
520 2 |a Thriller, ve kterém se setkáváme s několika manželskými páry, z nichž každý má svá pečlivě skrývaná tajemství, a jejichž osudy se nakonec dramaticky protnou.  |b Dorota žije už osmnáct let pod jednou střechou s despotickým manželem, přesto se snaží dělat vše pro to, aby nebylo na veřejnosti nic znát. Potají však hledá co nejméně bolestivou cestu, jak se od agresivního muže osvobodit. Jakub a Alicja prožívají krizi, a tak se pokusí vrátit svému manželství ztracenou jiskru společnou dovolenou u moře. Dvojice se na místě seznámí s tajemným párem, který obrátí vzhůru nohama nejen rutinní prázdninový pobyt, ale i celé jejich životy. Osmnáctiletá Naďa se poprvé setká se svou biologickou matkou, která ji opustila krátce po porodu. Ani v nejmenším si neuvědomuje, jakému nebezpečí vystaví tímto setkáním své blízké. Tři zápletky se spolu v nejméně očekávaném okamžiku spojují. Každý z aktérů zahájí sám za sebe nelítostný boj o to, aby jeho vlastní temná tajemství nikdy nespatřila světlo světa. Nakladatelská anotace. 
655 7 |a polské romány  |7 fd133084  |2 czenas 
655 7 |a thrillery (romány)  |7 fd184206  |2 czenas 
655 9 |a Polish fiction  |2 eczenas 
655 9 |a thrillers (novels)  |2 eczenas 
700 1 |a Podžorný, Jakub  |7 xx0263077  |4 trl 
830 0 |a Vendeta 
900 |a ABA001  |b 20 
044 |a xr 
910 |a RBIT002 
998 |d 368486  |a https://core.palmknihy.cz/api/books/368486/cover?rqu55z  |b https://core.palmknihy.cz/api/books/368486/cover/400?rqu55z  |c https://core.palmknihy.cz/api/books/368486/cover/50?rqu55z  |e 2026-09-13  |g 304  |i 9788027704934  |j https://core.palmknihy.cz/api/books/368486/preview.epub  |k https://core.palmknihy.cz/api/books/368486/preview.pdf  |l   |q 49  |r 1  |s https://www.palmknihy.cz/kniha/368486  |t ebook  |y 2023  |z 0 
999 |d 311854